000 00810nam a22002777a 4500
001 BR9606061
003 BR-BrBNA
005 20230928095249.0
007 ta
008 230509b bl.||||| |||| 00| 0 por d
040 _aBR-BrBNA
_bpor
_cBiblioteca Nacional de Agricultura
041 _a(Por)
072 _aH10
_b1540
_b4020
090 _ 1540 BR9606061
100 1 _aFarias, A.R.N.
110 1 _aCentro Nacional de Pesquisa de Mandioca e Fruticultura, Cruz das Almas, BA (Brasil)
_91783
245 1 _aUse Baculovirus erinnyis para controlar o mandarova da mandioca
260 3 _aCruz das Almas, BA (Brasil):
_c1995.
300 _a18 p.
500 _a5 illus.
650 _aMandioca
650 _aMandarova
650 _aControle Biologico
909 _a202309
_bLucia
_c55
_dLucia Elande
942 _cBK
999 _c55516
_d55516